00628nam a2200229 a 4500001001300000003000900013005001700022008004100039020001000080082001300090245002400103260005000127300000800177500003500185505001500220650002100235710001800256902000800274942000700282952009400289999001500383nice12345678IN_TiNIC20260116012552.0050524s1946 alla grp 000 0 urd  ac10000a245bMIS aMajmua-E-Ghazaliyat aAllahabadbNorth India Christian Tractsc1946 a23p aincludes index and biblioraphy2 aroman urdu aChristian-Poetry2 aMission Press bSRS cBK 00104070aHMIbHMId2008-04-14g100.00l0o245 MISp10925r2008-04-14w2026-01-16yARB c7492d7492